| 000 | 00982cad a22002055 4500 | ||
|---|---|---|---|
| 001 | L140891 | ||
| 008 | 070130n2007 xxkad f s 000 0 eng u | ||
| 035 | _a(Sirsi) u140891 | ||
| 041 | 0 | _aeng | |
| 110 | 2 |
_aJones Lang LaSalle _93755 |
|
| 245 | 0 | 0 |
_aEuropean office clock _bQ2 2007 _h[electronic resource] |
| 260 |
_a[s.l.] _bJones Lang LaSalle _c2007 |
||
| 490 | 0 |
_aEuropean Office Clock _vQ2 2007 |
|
| 520 | _aReports that the European office rental index increased by 4.6% over the last quarter and 11% over the year. In the second quarter of 2007 another 1.2 million square metres of new office space was completed across Europe, bringing the total H1 volume to 2.3 million square metres, down 3% compared to the same period in 2006. | ||
| 590 | _aKA | ||
| 651 | 4 | _aEurope | |
| 690 | _aPROPERTY-COMMERCIAL PROPERTY-OFFICE PROPERTY | ||
| 856 | 4 | 0 |
_uhttps://www.joneslanglasalle.com _zView the item free of charge after registration at www.joneslanglasalle.com... |
| 942 | _n0 | ||
| 999 |
_c107565 _d107565 |
||